000 01172nam2a22002651 4500
001 RU\NLR\INFOCOMM15\1000137993
005 20250617125306.0
035 _a(NLR Aleph) 002612448
090 _a3542606
_c3542606
100 _a20040617d1886 |||y0rusy50 ca
101 0 _arus
102 _aRU
105 _ay |||||||||
200 1 _aПожар Лондонской тюрьмы. (Окончание)
_fЧ. Диккенс
210 _d1886
_aБ. м.
423 0 _12001#$aМатеринская любовь, или Мать и бабка$fДельпи А.
_1700#1$aДельпи$bА.
_tМатеринская любовь, или Мать и бабка
_aДельпи, А.
461 0 _1001RU\NLR\INFOCOMM15\1000137841
_12001#$aПереводы отдельных романов$eЕжемес. журн.$v1886, Март
_93070320
_cСПб.
_d1867-1887, 1890
_nЕ.Э. Лебедева
_oЕжемес. журн.
_tПереводы отдельных романов
_v1886, Март
700 1 _aДиккенс
_bЧ.
_4070
801 1 _aRU
_bInfoComm
_c20040617
801 0 _aRU
_bNLR
_gPSBO
852 _aNLR
_j3/2250
942 _cISSUE
980 _aNB
980 _aRUSPER